| 000 -LEADER |
| fixed length control field |
00415nam a22001577a 4500 |
| 008 - FIXED-LENGTH DATA ELEMENTS--GENERAL INFORMATION |
| fixed length control field |
201106b ||||| |||| 00| 0 eng d |
| 082 00 - DEWEY DECIMAL CLASSIFICATION NUMBER |
| Classification number |
627.2 |
| Item number |
C818 |
| 100 ## - MAIN ENTRY--PERSONAL NAME |
| 9 (RLIN) |
3198 |
| Personal name |
Cornick, Henry F. |
| 245 10 - TITLE STATEMENT |
| Title |
Dock and harbor engineering, Vol .1 |
| 250 ## - EDITION STATEMENT |
| Edition statement |
3rd ed. |
| 260 ## - PUBLICATION, DISTRIBUTION, ETC. (IMPRINT) |
| Place of publication, distribution, etc |
London |
| Name of publisher, distributor, etc |
Charles Griffin & Co |
| Date of publication, distribution, etc |
1958 |
| 300 ## - PHYSICAL DESCRIPTION |
| Extent |
xvi, 316 p. |
| 365 ## - TRADE PRICE |
| Unit of pricing |
67.20 |
| 650 #0 - SUBJECT ADDED ENTRY--TOPICAL TERM |
| Topical term or geographic name as entry element |
Harbor |
| 942 ## - ADDED ENTRY ELEMENTS (KOHA) |
| Item type |
Books |